00314nam a2200121Ia 4500008004100000041000800041082001400049100001200063245004100075260004400116300002500160365000700185240624s9999 xx 000 0 und d aeng a330.1 RAY aRAY S K aPOLITY AND ECONOMY OF THE UNDERWORLD c2004aNew DelhibPrentice-Hall of India axx, : 295 : cm. ; 23 cRS